| 000 | 00962cab a2200229 4500 | ||
|---|---|---|---|
| 001 | ##L131454 | ||
| 008 | 051104n2005 000 0 eng u | ||
| 035 | _a(Sirsi) u131454 | ||
| 041 | 0 | _aeng | |
| 100 | 1 | _aElghamry, Nadia | |
| 245 | 0 | 0 |
_aFocus _boffices and business parks |
| 260 | 3 | _c2005 | |
| 490 | 0 |
_aEstates Gazette _v(543) 29 October 2005, 117-139(13) |
|
| 520 | _aCovers aspects of the office and business park markets: the future of business parks; overview of current business park lettings; growth in the serviced office sector; better staff services in business parks and evening and weekend activity; business parks to be more intensely developed, and the return of call centres from India to the UK. | ||
| 590 | _aIKA081105 | ||
| 690 | _aPROPERTY-COMMERCIAL PROPERTY-COMMERCIAL PROPERTY MARKET | ||
| 700 | 1 | _aKivlehan, Noella Pio | |
| 700 | 1 | _aCavanagh, Elaine | |
| 700 | 1 | _aAdshead, Anthony | |
| 700 | 1 | _aBatham, Matthew | |
| 942 | _n0 | ||
| 999 |
_c76087 _d76087 |
||